Interacting with history : teaching with primary sources /

Primary sources have the authenticity and power to bring history to life, allowing students to connect with the voices and images of real people from the past. Helping students analyze and interpret primary sources in context leads to development of historical empathy. The challenge to teach student...

Full description

Bibliographic Details
Main Author: Lehman, Katharine B. (Author, Editor)
Format: Book
Language:English
Published: Chicago : ALA Editions, an imprint of the American Library Association, 2014.
Subjects:

MARC

Tag First Indicator Second Indicator Subfields
LEADER 00000cam a2200000 i 4500
001 in00003501749
005 20151206122917.0
008 131119s2014 ilua b 001 0 eng
010 |a  2013044197 
020 |a 9780838912058 
020 |a 0838912052 
035 |a (OCoLC)ocn863632606 
040 |a DLC  |e rda  |c DLC  |d UtOrBLW 
043 |a n-us--- 
049 |a TXAM 
050 0 0 |a E175.8  |b .I57 2014 
082 0 0 |a 973.071  |2 23 
245 0 0 |a Interacting with history :  |b teaching with primary sources /  |c edited by Katharine Lehman. 
264 1 |a Chicago :  |b ALA Editions, an imprint of the American Library Association,  |c 2014. 
300 |a xi, 121 pages :  |b illustrations ;  |c 28 cm. 
336 |a text  |b txt  |2 rdacontent 
337 |a unmediated  |b n  |2 rdamedia 
338 |a volume  |b nc  |2 rdacarrier 
504 |a Includes bibliographical references and index. 
505 0 0 |t Welcome to the Library of Congress /  |r Sharon Metzger-Galloway --  |t Teaching resources from the Library of Congress /  |r Sara Suiter --  |t Professional development and support for classroom teachers available through the Library of Congress /  |r Katharine Lehman --  |t Action lessons :  |t interacting with history /  |r compiled by Katharine Lehman from Participants of the 2011 Library of Congress Summer Institute --  |t Discovering local history resources in your own backyard /  |r Mary Alice Anderson. 
520 |a Primary sources have the authenticity and power to bring history to life, allowing students to connect with the voices and images of real people from the past. Helping students analyze and interpret primary sources in context leads to development of historical empathy. The challenge to teach students to apply critical thinking and inquiry skills is also a golden opportunity for librarians to teach the skills of their library information skills curricula. 
610 2 0 |a Library of Congress.  |b Teaching with Primary Sources Program. 
651 0 |a United States  |x History  |x Study and teaching. 
651 0 |a United States  |x History  |v Sources. 
650 0 |a History  |x Study and teaching. 
650 0 |a History  |v Sources. 
700 1 |a Lehman, Katharine B.,  |e author,  |e editor. 
945 |a PromptCat 
946 |a stk 
947 |a A14840368526 
948 |a cataloged  |b h  |c 2014/9/24  |d c  |e dmitchel  |f 4:00:00 pm 
994 |a 92  |b TXA 
999 |a MARS 
999 f f |s b39482d0-0737-369f-9c6d-0f7d0db8ee5a  |i 2a758039-47b3-3497-966c-7598c73e5a63  |t 0 
952 f f |p normal  |a Texas A&M University  |b College Station  |c Sterling C. Evans Library  |d Evans: Library Stacks  |t 0  |e E175.8 .I57 2014  |h Library of Congress classification  |i unmediated -- volume  |m A14840368526 
998 f f |a E175.8 .I57 2014  |t 0  |l Evans: Library Stacks